[Event "London Central Major"]
[Site "London"]
[Date "2022.11.05"]
[Round "3"]
[White "Demelo, Caitano"]
[Black "Boozorginia, Zoya"]
[Result "0-1"]
[WhiteElo "1229"]
[BlackElo "1343"]
[PlyCount "156"]
[EventDate "2022.11.04"]
[EventType "swiss"]
[EventRounds "5"]
[EventCountry "ENG"]
[SourceTitle "EXT 2024"]
[Source "ChessBase"]
[SourceDate "2023.10.10"]
[SourceVersion "1"]
[SourceVersionDate "2023.10.10"]
[SourceQuality "1"]

1. e4 c6 2. d4 d5 3. e5 c5 4. dxc5 e6 5. a3 Nc6 6. Nf3 Bxc5 7. b4 Bb6 8. Bb2 Nge7 9. Bb5 Bxf2+ 10. Kxf2 Qb6+ 11. Nd4 Nf5 12. c3 Nfxd4 13. cxd4 Qxb5 14. Nc3 Qc4 15. Ne2 b6 16. Re1 Ba6 17. Rc1 Qb5 18. Nc3 Qd3 19. Qa4 Qxd4+ 20. Re3 Qf4+ 21. Rf3 Qd2+ 22. Kg3 Qg5+ 23. Kf2 Qh4+ 24. Rg3 Qc4 25. h3 0-0 26. Rg4 d4 27. Qc2 Nxe5 28. Rh4 d3 29. Rxc4 dxc2 30. Rd4 Nd3+ 31. Rxd3 Bxd3 32. Ke3 Bg6 33. h4 Rfd8 34. g4 Rd3+ 35. Ke2 Rad8 36. h5 Rd2+ 37. Kf3 R8d3+ 38. Kf4 Rf2+ 39. Ke5 f6+ 40. Kxe6 Re3+ 41. Kd5 Rd2+ 42. Kc4 Bf7+ 43. Kb5 Re5+ 44. Kc6 Be8+ 45. Kc7 Re7+ 46. Kc8 a6 47. Ne4 Rxe4 48. Kc7 Rc4+ 49. Kxb6 Rd6+ 50. Ka5 Rd5+ 51. Kxa6 Rc6+ 52. Kb7 Rb5+ 53. Ka7 Rd6 54. Rxc2 Bc6 55. a4 Rd7+ 56. Ka6 Rxb4 57. Rxc6 Rxb2 58. Rc8+ Kf7 59. Ra8 Rb4 60. Ka5 Rxg4 61. h6 gxh6 62. Ra6 Rg5+ 63. Kb6 Rd6+ 64. Kb7 Rxa6 65. Kxa6 h5 66. a5 Re5 67. Kb6 Ke7 68. a6 Re6+ 69. Kb7 Rxa6 70. Kxa6 h4 71. Kb5 h3 72. Kc6 h2 73. Kc5 h1Q 74. Kc4 Qe4+ 75. Kc5 Kd7 76. Kb6 Qb4+ 77. Ka7 Kc7 78. Ka6 Qb6# 0-1

[Event "London Mindsports Blitz"]
[Site "London"]
[Date "2022.09.11"]
[Round "8.12"]
[White "Pollack, Maximo"]
[Black "Demelo, Caitano"]
[Result "0-1"]
[WhiteElo "1250"]
[BlackElo "1307"]
[PlyCount "60"]
[EventDate "2022.09.11"]
[EventType "swiss (blitz)"]
[EventRounds "9"]
[EventCountry "ENG"]
[SourceTitle "CBM 210 Extra"]
[Source "ChessBase"]
[SourceDate "2022.11.30"]
[SourceVersion "1"]
[SourceVersionDate "2022.11.30"]
[SourceQuality "1"]

1. e4 e6 2. c4 c6 3. Nc3 Nf6 4. e5 Ng8 5. d4 d5 6. c5 b6 7. b4 a5 8. Ba3 bxc5 9. bxc5 Na6 10. Bxa6 Bxa6 11. Nf3 Ne7 12. Ng5 Ng6 13. Qf3 Qxg5 14. h4 Qe7 15. Bc1 f6 16. g4 fxe5 17. h5 Nh4 18. Qh3 exd4 19. Ne2 d3 20. Nf4 Qf6 21. Nxd5 exd5 22. Qxh4 Qxa1 23. 0-0 d2 24. Bxd2 Qxf1+ 25. Kh2 Bxc5 26. h6 Bd6+ 27. f4 Qe2+ 28. Kh3 Qxd2 29. hxg7 Bf1+ 30. Kg3 Qg2# 0-1

[Event "Hampstead U2200 op  41st"]
[Site "Hampstead"]
[Date "2016.07.02"]
[Round "3"]
[White "Demelo, Caitano"]
[Black "Lovell, William Pm"]
[Result "0-1"]
[WhiteElo "1204"]
[BlackElo "1503"]
[PlyCount "106"]
[EventDate "2016.07.02"]
[EventType "swiss"]
[EventRounds "5"]
[EventCountry "ENG"]
[SourceTitle "EXT 2025"]
[Source "ChessBase"]
[SourceDate "2024.10.14"]
[SourceVersion "1"]
[SourceVersionDate "2024.10.14"]
[SourceQuality "1"]

1. e4 c6 2. d4 d5 3. e5 Bf5 4. Nf3 e6 5. c3 c5 6. Bd3 Bxd3 7. Qxd3 Nc6 8. Qb5 Qb6 9. Qxb6 axb6 10. 0-0 Nge7 11. Na3 Nf5 12. Nb5 Rc8 13. Bg5 h6 14. Bd2 g5 15. b4 cxb4 16. cxb4 Nxb4 17. Bxb4 Bxb4 18. g4 Ng7 19. Rac1 Kd7 20. a3 Be7 21. a4 Rc6 22. Rb1 Ra8 23. Ra1 Rc4 24. Rfc1 Raxa4 25. Nd2 Rxa1 26. Rxa1 Rb4 27. Nc3 Rxd4 28. Nf3 Rd3 29. Kg2 Rxc3 30. Ra7 Kc7 31. Nd4 Rc5 32. Kg3 Ra5 33. Rxa5 bxa5 34. Nb5+ Kb6 35. Nc3 Bb4 36. Na4+ Kb5 37. Nb2 a4 38. Nd3 a3 39. Nc1 Kc4 40. f4 gxf4+ 41. Kxf4 Bd2+ 42. Kf3 Bxc1 43. h4 a2 44. g5 hxg5 45. hxg5 Bxg5 46. Kg4 Bc1 47. Kg3 a1Q 48. Kg4 Qxe5 49. Kh3 Qg5 50. Kh2 Nf5 51. Kh1 Be3 52. Kh2 Qg1+ 53. Kh3 Qg3# 0-1

[Event "Hampstead U2200 op  41st"]
[Site "Hampstead"]
[Date "2016.07.02"]
[Round "1"]
[White "Demelo, Caitano"]
[Black "Sagues, Vincent"]
[Result "0-1"]
[WhiteElo "1204"]
[BlackElo "1912"]
[PlyCount "60"]
[EventDate "2016.07.02"]
[EventType "swiss"]
[EventRounds "5"]
[EventCountry "ENG"]
[SourceTitle "EXT 2025"]
[Source "ChessBase"]
[SourceDate "2024.10.14"]
[SourceVersion "1"]
[SourceVersionDate "2024.10.14"]
[SourceQuality "1"]

1. e4 e6 2. d4 d5 3. Nd2 Nf6 4. e5 Nfd7 5. Bd3 c5 6. c3 Nc6 7. Ne2 cxd4 8. cxd4 f6 9. f4 Qb6 10. Nf3 Be7 11. 0-0 fxe5 12. fxe5 Ndxe5 13. Nxe5 Nxe5 14. Kh1 Nxd3 15. Qxd3 Bf6 16. b3 0-0 17. Ba3 Rf7 18. Qf3 Bd7 19. g4 Bb5 20. Bc5 Qc7 21. a4 Bxe2 22. Qxe2 b6 23. Ba3 Bxd4 24. Rac1 Rxf1+ 25. Rxf1 Qd7 26. Qf3 Bc5 27. Bb2 Rf8 28. Qd3 Rxf1+ 29. Qxf1 Qf7 30. Qb5 Qf3# 0-1